|
|
|
|
| LEADER |
00625cam a2200181 7i4500 |
| 001 |
0000052432 |
| 005 |
20190425090000.0 |
| 020 |
|
|
|a 9780195308808 (hbk.)
|
| 090 |
0 |
0 |
|a BP76.2
|b .R37 2007
|
| 100 |
1 |
|
|a Ramadan, Tariq
|
| 245 |
1 |
0 |
|a In the footsteps of the prophet :
|b lessons from the life Muhammad
|c Tariq Ramadan.
|
| 260 |
|
|
|a Oxford:
|b Oxford University Press,
|c 2007.
|
| 300 |
|
|
|a xii, 242 p.;
|c 24 cm.
|
| 500 |
|
|
|a Gift: Zainol Ahmad Resource Center
|
| 600 |
0 |
0 |
|a Muhammad,
|c Prophet,
|d d. 632
|
| 650 |
0 |
0 |
|a Muslims --
|x Conduct of life
|
| 650 |
0 |
0 |
|a Islamic ethics
|
| 999 |
|
|
|a 0000064771
|b BOK
|c OPEN SHELF
|e 1st Floor, Bestari Jaya
|